000 00467pab a2200169 454500
008 180718b2001 xxu||||| |||| 00| 0 eng d
100 _aPrabhu, K. Seeta
245 _aPublic provision of social security: the challenge in South Asia
260 _c2001
300 _ap.31-66
362 _aJan-Jun
650 _aSocial security - South Asia
650 _aSocial security
700 _aIyer, Sandhya V.
773 _aSouth Asian Economic Journal
909 _a48092
999 _c48092
_d48092